ბათუმის შოთა რუსთაველის სახელმწიფო უნივერსიტეტის ბიბლიოთეკა

Эксплуатация промышленных очистных сооружениях. (ბიბ.ჩანაწერი № 38192)

000 -LEADER
fixed length control field 00577nam a2200193Ia 4500
001 - CONTROL NUMBER
control field 4182
003 - CONTROL NUMBER IDENTIFIER
control field GE_BSU
008 - FIXED-LENGTH DATA ELEMENTS--GENERAL INFORMATION
fixed length control field 181216s||||||||xx |||||||||||||| ||und||
040 ## - CATALOGING SOURCE
Transcribing agency GE_BSU
080 ## - UNIVERSAL DECIMAL CLASSIFICATION NUMBER
Universal Decimal Classification number 622.333
100 ## - MAIN ENTRY--PERSONAL NAME
Personal name Лоренц,В.И.
245 ## - TITLE STATEMENT
Title Эксплуатация промышленных очистных сооружениях.
260 ## - PUBLICATION, DISTRIBUTION, ETC.
Place of publication, distribution, etc. Киев.
260 ## - PUBLICATION, DISTRIBUTION, ETC.
Name of publisher, distributor, etc. Техника.
260 ## - PUBLICATION, DISTRIBUTION, ETC.
Date of publication, distribution, etc. 1977.
300 ## - PHYSICAL DESCRIPTION
Extent 184 стр. 22 см.
653 ## - INDEX TERM--UNCONTROLLED
Uncontrolled term Эксплуатация промышленных очистных сооружениях.
942 ## - ADDED ENTRY ELEMENTS (KOHA)
Koha item type წიგნი
ეგზემპლარები
Withdrawn status Lost status Damaged status Not for loan Date acquired Barcode Date last seen Price effective from Koha item type Public note
        2018-12-17 9381 2018-12-17 2018-12-17 წიგნი საცავი